000 00476nam a22000977a 4500
008 110708t xxu||||| |||| 00| 0 eng d
010 _aC DOC F-140
245 _aThe Role of Criminal Investigation Department (C.I.D.) in the Admistration of Criminal Justice. Presented by Chris John Bakiriza Advocate, Former Director of C.I.D. (Uganda Police Force)
260 _c2008
999 _c4678
_d4678